| 000 | 00595nam a2200205Ia 4500 | ||
|---|---|---|---|
| 003 | GCL | ||
| 008 | 140319s9999 xx 000 0 ara d | ||
| 040 |
_aGCL / _cGCL |
||
| 082 | 0 | 4 |
_a813.0309964 _bط ل |
| 100 | 1 | _aطاهر بن جلون | |
| 245 | 1 | 0 |
_aليلة القدر / _cطاهر بن جلون |
| 300 | _a184 ص | ||
| 490 |
_aالرواية العالمية _v0 |
||
| 650 | 0 | 4 | _aالادب العربى |
| 650 | 0 | 4 | _aاللغة الفرنسية |
| 650 | 0 | 4 | _aالقصص |
| 650 | 0 | 4 | _aالقصة العربية |
| 650 | 0 | 4 | _aالادب العربى المترجم |
| 942 |
_2ddc _cBK |
||
| 999 |
_c38209 _d38209 |
||